| 000 | 00859cam a2200253u 4500 | ||
|---|---|---|---|
| 001 | 1288 | ||
| 003 | BD-RjUL | ||
| 005 | 20211208233317.0 | ||
| 008 | 131125s1937 nyu 001 0 eng d | ||
| 035 | _a(BD-RjUL)1310 | ||
| 040 |
_aDLC _cCarP _dBD-RjUL _beng |
||
| 041 | _aeng | ||
| 082 |
_223 _a909 _bDIH 1937 |
||
| 100 | 1 |
_aDixon, W. Macneile _q(William Macneile), _d1866-1945. _93805 |
|
| 245 | 1 | 4 |
_aThe human situation : _bthe Gifford lectures delivered in the University of Glasgow, 1935-37 / _cW. Macneile Dixon. |
| 260 |
_aNew York, _bLongmans, Green & co.; _aLondon: _bE, Arnold & co., _cc1937[Reprinted 1957] |
||
| 300 |
_a438 p. ; _c23 cm. |
||
| 650 | 0 |
_aCivilization _xPhilosophy. _93440 |
|
| 650 | 0 |
_aPhilosophy and religion. _92766 |
|
| 650 | 0 |
_aScience _xPhilosophy. _93806 |
|
| 942 |
_2ddc _cBK |
||
| 999 |
_c1288 _d1288 |
||